000 00214nam a2200097Ia 4500
008 190216s9999||||xx |||||||||||||| ||und||
100 _aDurai Pandian.P
245 0 _aMechanics
260 _bS Chand & Co
942 _cBK
999 _c32881
_d32881